Μελέτη μαθηματικού μοντέλου για το AIDS : πτυχιακή εργασία

Μοντελοποίηση της ανθρώπινης ανοσολογικής ανεπάρκειας.

Αποθηκεύτηκε σε:
Λεπτομέρειες βιβλιογραφικής εγγραφής
Κύριος συγγραφέας: Μπασδέκη, Αντωνία
Συγγραφή απο Οργανισμό/Αρχή: Πανεπιστήμιο Αιγαίου. Σχολή Θετικών Επιστημών. Τμήμα Μαθηματικών
Μορφή: Thesis Βιβλίο
Γλώσσα:Greek
Δημοσίευση: 2011.
Θέματα:
Διαθέσιμο Online:http://hdl.handle.net/11610/7998
Ετικέτες: Προσθήκη ετικέτας
Δεν υπάρχουν, Καταχωρήστε ετικέτα πρώτοι!

MARC

LEADER 00000cam a2200000 i 4500
001 1/16254
008 111104s2011 gr | ||| |||| ||gre||
035 |l 10111288 
040 |a GR-MyUA  |b gre  |e AACR2 
041 0 |a gre 
082 0 |a 614.5015118   |2 (22)  
100 1 |a Μπασδέκη, Αντωνία. 
245 1 0 |a Μελέτη μαθηματικού μοντέλου για το AIDS :   |b πτυχιακή εργασία /   |c Αντωνία Μπασδέκη ; επιβλέπων καθηγητής Νικόλαος Καραχάλιος.  
260 |c 2011.  
300 |a 35 σ. :   |b σχέδια ;   |c 30 εκ.  
500 |a Μέλη της εξεταστικής επιτροπής: Καραχάλιος Νικόλαος, Τσολομύτης Αντώνιος, Δημητράκος Θεοδόσης.  
502 |a Πτυχιακή εργασία – Πανεπιστήμιο Αιγαίου, Σάμος, 2011. 
504 |a Βιβλιογραφία: σ. 35.  
506 1 |a Διάθεση πλήρους κειμένου ;   |d Ενδοπανεπιστημιακή δημοσίευση.  
520 |a Μοντελοποίηση της ανθρώπινης ανοσολογικής ανεπάρκειας. 
610 2 0 |a University of the Aegean  |x Dissertations. 
650 0 0 |a AIDS (Disease)  |x Mathematical models. 
650 0 0 |a Dissertations, Academic  |z Greece. 
700 1 |a Καραχάλιος, Νικόλαος,  |e dgs 
710 2 |a Πανεπιστήμιο Αιγαίου.   |b Σχολή Θετικών Επιστημών.   |b Τμήμα Μαθηματικών. 
852 |a INST  |b SAMOS  |c DIATR  |e 20111104  |h 614.5015118 ΜΠΑ  |p 005300032397  |q 005300032397  |t DIE  |y 23 
852 |a INST  |b SAMOS  |c DIATR  |e 20111104  |h 614.5015118 ΜΠΑ  |p 005300032398  |q 005300032398  |t DIE  |y 23 
856 |u http://hdl.handle.net/11610/7998 
901 |a BIBL3-2011-3 
909 |a Σ  |b 171764 
909 |a Σ  |b 171765 
924 |a ΜΠΑΣΔΕΚΗ  |b ΑΝΤΩΝΙΑ  |y Σάμος  |z 2011-11 
970 |a ΚΟΣΙΕΡΗΣ  |b ΧΡΗΣΤΟΣ  |z 2011/11/04